[Event "163 Stay Safe Play From Home"]
[Site "T#646248Emanuel Laske"]
[Date "2020.05.22"]
[Round "2"]
[White "Emresenar"]
[Black "Victory_gm"]
[Result "1-0"]
[WhiteElo "1736"]
[BlackElo "2047"]
[Annotator "TA"]
[PlyCount "49"]
[EventDate "2020.05.22"]
[EventType "swiss (blitz)"]

{[%evp 9,49,9,37,26,37,24,28,22,18,-13,120,85,152,86,80,66,143,160,334,92,125,84,78,71,177,166,418,286,455,475,792,758,2120,2207,29995,29996,29999,29998,29998,29999,29999,29998]} 1. e4 e6 2. d4 d5 3. e5 c5 4. c3 Nc6 5. Nf3 Be7 6. Be2 {C02: French: Advance Variation.} f6 7. O-O fxe5 {[#]} 8. dxe5 $146 {White has an edge.} ({Predecessor:} 8. Nxe5 Nxe5 9. dxe5 Bg5 10. Bb5+ Bd7 11. Bxd7+ Kxd7 12. f4 Be7 13. Qg4 Nh6 14. Qh3 {0-1 (50) Maraz,R (1618)-Otto,T (1823) Sao Paulo 2017}) 8... Qc7 9. Bf4 g6 (9... Nh6 $11) 10. Nbd2 h6 ({Black should play} 10... Bd8) 11. Nb3 (11. c4 $142) 11... g5 $16 {[#]} 12. Bg3 $1 $36 {[%mdl 2048] Black is under pressure.} c4 (12... Bd7 $14) 13. Nbd4 Nxd4 $2 (13... h5 $16) 14. cxd4 $2 (14. Nxd4 $18 {And now Bg4 would win.} Bc5 15. Nb5 (15. Bh5+ Kd8 $18)) 14... Bd7 15. Rc1 O-O-O 16. b3 {[%cal Rb3c4]} Kb8 (16... c3 $16) 17. bxc4 $18 dxc4 $2 (17... Bc6 {is a better defense.} 18. cxd5 Rxd5) 18. Rxc4 Qb6 (18... Bc6 $142 19. d5 Rxd5) 19. Qc2 Bc6 (19... Rc8 $142 20. Rxc8+ Bxc8) 20. Rb1 Qc7 21. Rxc6 {[%mdl 64] [#] Double Attack} Rd5 22. Rxc7 {[%csl Gc2][%cal Rc7c8] White mates.} h5 23. Rbxb7+ Ka8 24. Rxa7+ Kb8 25. Qb3+ {Accuracy: White = 46%, Black = 24%.} 1-0

[Event "163 Stay Safe Play From Home"]
[Site "T#646248Emanuel Laske"]
[Date "2020.05.22"]
[Round "2"]
[White "Frido-BBB"]
[Black "Lamborghini"]
[Result "0-1"]
[WhiteElo "1690"]
[BlackElo "2204"]
[Annotator "TA"]
[PlyCount "86"]
[EventDate "2020.05.22"]
[EventType "swiss (blitz)"]

{[%evp 9,86,0,0,-12,-4,-11,-10,-7,7,-68,-12,-50,-27,-37,-39,-97,-93,-98,-87,-85,0,-17,-6,-36,-18,-60,-31,-65,-65,-80,-58,-82,-96,-122,-65,-65,-70,-233,-183,-282,-197,-241,-199,-198,-176,-176,-172,-325,-344,-524,-520,-668,-678,-645,-588,-713,-654,-2114,-2016,-29991,-690,-645,-650,-803,-639,-841,-810,-955,97,-823,-802,-746,-493,-29999,-29977,-29997,-29998,-29999,-29999]} 1. e4 g6 2. c3 Bg7 3. d3 d6 4. f4 Nf6 5. Nf3 O-O 6. Be2 {B06: Modern Defence.} c5 7. Be3 Nc6 8. O-O {[#] The position is equal.} b6 $146 ({Predecessor:} 8... b5 9. Re1 Ng4 10. Bc1 Rb8 11. h3 Nf6 12. Be3 b4 13. Nbd2 {½-½ (13) Roynet,S (2121)-Kriksciunas,B (2312) ICCF email 2017}) 9. Nbd2 (9. Na3 $11) 9... Bb7 (9... Ng4 $15 10. Nc4 b5) 10. Rc1 Qd7 (10... Ng4 $5 {[%cal Rg4e3]} 11. Nc4 d5 12. exd5 Qxd5 $15) 11. Qc2 Rac8 12. d4 ({Better is} 12. Nc4 $15) 12... cxd4 $17 13. Nxd4 Nxd4 14. Bxd4 {[#]} e5 (14... Nxe4 $1 $17 {[%mdl 512] ...Bxd4+ is the strong threat.} 15. Bxg7 (15. Nxe4 Bxd4+) 15... Nxd2 16. Qxd2 Kxg7) 15. fxe5 $11 dxe5 16. Be3 Qc6 17. Bf3 Nd7 18. Rfd1 Nc5 19. Qb1 h5 20. b4 Ne6 21. Rc2 Nf4 (21... Rfd8 $17 22. Rcc1 Bf6) 22. Bxf4 exf4 {[#]} 23. Nf1 $2 {Black continues to play with concentration.} (23. e5 $1 $15 {[%mdl 512]} Qc7 (23... Bxe5 24. Bxc6) 24. Bxb7 Qxb7 25. Nf3) 23... Qc7 24. Rd3 (24. c4 $142) 24... Qe5 25. Qd1 Rfe8 26. Nd2 Rc7 27. c4 Bf8 28. Nb3 $2 (28. a3) 28... Bxb4 $19 29. Rd5 (29. h3 $142) 29... Bxd5 30. cxd5 Rxc2 31. Qxc2 Bd6 32. Qc6 Re7 33. Nd2 Rc7 34. Qe8+ Kg7 (34... Qxe8 $142 35. h3 {[#]} Rc2 $1 {[%mdl 512]} 36. a4 Qxa4 37. Kh2 Qa1 38. Nb3 Qf1 39. Nd4 Rc1 40. Bd1 f3+ {[%mdl 64] Discovered Attack} 41. g3 Qg2#) 35. Qxe5+ Bxe5 {[%mdl 4096] Endgame KRB-KBN} 36. h3 Rc1+ 37. Kh2 Bd4 {( -> ...Bg1+)} 38. Nb3 Rb1 $2 (38... Bg1+ $19 39. Kh1 Rf1) 39. g3 $2 {[%mdl 8192]} (39. Nxd4 $16 Rb2 40. e5) 39... Rb2+ 40. Kh1 fxg3 {[%csl Gg3][%cal Rb2h2]} 41. Bd1 (41. Nxd4 $19 Rxa2 42. e5) 41... Be5 {Black mates.} 42. Nd4 Bxd4 {[%csl Gg3][%cal Rb2h2]} 43. Bb3 g2+ {Accuracy: White = 27%, Black = 60%.} 0-1

[Event "163 Stay Safe Play From Home"]
[Site "T#646248Emanuel Laske"]
[Date "2020.05.22"]
[Round "2"]
[White "Aktürk"]
[Black "Fischer_11"]
[Result "0-1"]
[WhiteElo "1439"]
[BlackElo "2042"]
[Annotator "NA RC"]
[PlyCount "62"]
[EventDate "2020.05.22"]
[EventType "swiss (blitz)"]

1. e3 {[%emt 0:00:01]} Nf6 {[%emt 0:00:01]} 2. Qf3 {[%emt 0:00:01]} g6 {[%emt 0:00:00]} 3. Bc4 {[%emt 0:00:01]} Bg7 {[%emt 0:00:00]} 4. Nc3 {[%emt 0:00:01]} O-O {[%emt 0:00:01]} 5. Ne4 {[%emt 0:00:01]} d5 {[%emt 0:00:00]} 6. Nxf6+ {[%emt 0:00:01]} Bxf6 {[%emt 0:00:04]} 7. Bxd5 {[%emt 0:00:01]} c6 {[%emt 0:00:01]} 8. Bc4 {[%emt 0:00:01]} Nd7 {[%emt 0:00:02]} 9. Bd3 {[%emt 0:00:00]} Ne5 {[%emt 0:00:01]} 10. Qg3 {[%emt 0:00:02]} Nxd3+ {[%emt 0:00:01]} 11. cxd3 {[%emt 0:00:01]} Qxd3 {[%emt 0:00:00]} 12. Ne2 {[%emt 0:00:02]} Bg7 {[%emt 0:00:02]} 13. Nf4 {[%emt 0:00:01]} Qc2 {[%emt 0:00:02]} 14. h4 {[%emt 0:00:02]} h5 {[%emt 0:00:02]} 15. O-O {[%emt 0:00:05]} a5 {[%emt 0:00:05]} 16. b3 {[%emt 0:00:02]} a4 {[%emt 0:00:01]} 17. bxa4 {[%emt 0:00:03]} Bxa1 {[%emt 0:00:02]} 18. Ba3 {[%emt 0:00:03]} Bf6 {[%emt 0:00:02]} 19. Nxh5 {[%emt 0:00:02]} Bg7 {[%emt 0:00:03]} 20. Nf4 {[%emt 0:00:03]} Qxa2 {[%emt 0:00:02]} 21. Bxe7 {[%emt 0:00:01]} Re8 {[%emt 0:00:03]} 22. Bg5 {[%emt 0:00:00]} Rxa4 {[%emt 0:00:03]} 23. h5 {[%emt 0:00:01]} Qxd2 {[%emt 0:00:04]} 24. hxg6 {[%emt 0:00:02]} f6 {[%emt 0:00:01]} 25. Bxf6 {[%emt 0:00:02]} Bxf6 {[%emt 0:00:01]} 26. Qh4 {[%emt 0:00:01]} Bxh4 {[%emt 0:00:01]} 27. g3 {[%emt 0:00:04]} Rxf4 {[%emt 0:00:02]} 28. gxf4 {[%emt 0:00:02]} Bh3 {[%emt 0:00:03]} 29. Kh2 {[%emt 0:00:01]} Bxf1 {[%emt 0:00:01]} 30. f5 {[%emt 0:00:02]} Qxf2+ {[%emt 0:00:00]} 31. Kh1 {[%emt 0:00:04]} Qg2# {[%emt 0:00:01] (Lag: Av=0.44s, max=0.6s)} 0-1

[Event "163 Stay Safe Play From Home"]
[Site "T#646248Emanuel Laske"]
[Date "2020.05.22"]
[Round "4"]
[White "Hoffentlichreichts"]
[Black "Ionutn28"]
[Result "1-0"]
[WhiteElo "2381"]
[BlackElo "1785"]
[Annotator "NA RC"]
[PlyCount "81"]
[EventDate "2020.05.22"]
[EventType "swiss (blitz)"]

1. g3 {[%emt 0:00:01]} Nf6 {[%emt 0:00:01]} 2. Bg2 {[%emt 0:00:00]} d5 {[%emt 0:00:01]} 3. Nf3 {[%emt 0:00:00]} c6 {[%emt 0:00:00]} 4. O-O {[%emt 0:00:01]} e6 {[%emt 0:00:01]} 5. b3 {[%emt 0:00:00]} Bd6 {[%emt 0:00:00]} 6. Bb2 {[%emt 0:00:00]} O-O {[%emt 0:00:00]} 7. d3 {[%emt 0:00:00]} Nbd7 {[%emt 0:00:00]} 8. Nbd2 {[%emt 0:00:00]} e5 {[%emt 0:00:00]} 9. e4 {[%emt 0:00:00]} d4 {[%emt 0:00:00]} 10. Nc4 {[%emt 0:00:01]} Bc7 {[%emt 0:00:02]} 11. Nh4 {[%emt 0:00:01]} b5 {[%emt 0:00:01]} 12. Nd2 {[%emt 0:00:01]} c5 {[%emt 0:00:01]} 13. f4 {[%emt 0:00:01]} exf4 {[%emt 0:00:01]} 14. gxf4 {[%emt 0:00:00]} Nxe4 {[%emt 0:00:03]} 15. Bxe4 {[%emt 0:00:02]} Qxh4 {[%emt 0:00:01]} 16. Bxa8 {[%emt 0:00:01]} Nf6 {[%emt 0:00:03]} 17. Qf3 {[%emt 0:00:05]} Bg4 {[%emt 0:00:01]} 18. Qg2 {[%emt 0:00:01]} Bh3 {[%emt 0:00:03]} 19. Qf3 {[%emt 0:00:04]} Bxf1 {[%emt 0:00:01]} 20. Nxf1 {[%emt 0:00:01]} Bxf4 {[%emt 0:00:02]} 21. Be4 {[%emt 0:00:01]} Ng4 {[%emt 0:00:02]} 22. Bc1 {[%emt 0:00:02]} Bxh2+ {[%emt 0:00:03]} 23. Kg2 {[%emt 0:00:00]} Bc7 {[%emt 0:00:03]} 24. Bd2 {[%emt 0:00:02]} f5 {[%emt 0:00:02]} 25. Bd5+ {[%emt 0:00:02]} Kh8 {[%emt 0:00:01]} 26. Re1 {[%emt 0:00:00]} h6 {[%emt 0:00:02]} 27. Re2 {[%emt 0:00:02]} Ne5 {[%emt 0:00:00]} 28. Qh3 {[%emt 0:00:02]} Qxh3+ {[%emt 0:00:01]} 29. Kxh3 {[%emt 0:00:00]} g5 {[%emt 0:00:02]} 30. Ng3 {[%emt 0:00:01]} g4+ {[%emt 0:00:04]} 31. Kg2 {[%emt 0:00:01]} f4 {[%emt 0:00:03]} 32. Bxf4 {[%emt 0:00:01]} Rxf4 {[%emt 0:00:02]} 33. Re4 {[%emt 0:00:00]} Rxe4 {[%emt 0:00:01]} 34. Nxe4 {[%emt 0:00:00]} h5 {[%emt 0:00:01]} 35. Nxc5 {[%emt 0:00:01]} h4 {[%emt 0:00:02]} 36. Ne6 {[%emt 0:00:00]} h3+ {[%emt 0:00:01]} 37. Kh1 {[%emt 0:00:01]} Bb8 {[%emt 0:00:01]} 38. Nxd4 {[%emt 0:00:01]} g3 {[%emt 0:00:01]} 39. Nxb5 {[%emt 0:00:01]} g2+ {[%emt 0:00:00]} 40. Bxg2 {[%emt 0:00:01]} Nf3 {[%emt 0:00:00]} 41. Bxf3 {[%emt 0:00:01] Ionutn28 resigns (Lag: Av=0.64s, max=0.7s)} 1-0

[Event "163 Stay Safe Play From Home"]
[Site "T#646248Emanuel Laske"]
[Date "2020.05.22"]
[Round "4"]
[White "Lazieri3"]
[Black "Lamborghini"]
[Result "1-0"]
[WhiteElo "2128"]
[BlackElo "2220"]
[Annotator "TA"]
[PlyCount "109"]
[EventDate "2020.05.22"]
[EventType "swiss (blitz)"]

{[%evp 9,109,66,61,-58,-54,-158,-133,-127,-45,-51,-47,-46,-15,-69,54,52,59,59,59,-18,-27,-145,-144,-179,-40,-116,-43,-43,-43,-16,-17,-68,-68,-58,-18,-63,-63,-72,-70,-79,-65,-69,-66,-67,-42,-43,-31,-69,-43,-43,-43,-58,-59,-44,-29,-29,-29,-43,-43,-43,-31,-133,-133,-133,-58,-58,-58,-58,-58,-58,-58,-271,-263,-354,-263,-626,-630,-939,-626,-637,-904,-838,-819,-1060,-1132,-937,-783,-966,0,0,0,-1445,-1373,-5289,-946,-5269,-758,-5265,-5210,-5106,-2164,-2108]} 1. e4 g6 2. Nc3 Bg7 3. d4 c5 4. Be3 Qa5 5. Nf3 Nf6 6. dxc5 {B27: Sicilian: 2 Nf3, unusual Black 2nd moves.} (6. Qd2 $14) 6... Nxe4 $1 $15 {[#]} 7. Bd2 $146 (7. Bd4 $15 Nxc3 8. bxc3) ({Predecessor:} 7. Bd4 Nxc3 8. bxc3 Bxd4 9. Qxd4 O-O 10. Bc4 Nc6 11. Qe3 b5 12. cxb6 d5 13. Bb3 Ba6 {0-1 (29) Prvinic,I (1704)-Jerkovic,A (1930) Dubrovnik 2013}) 7... Nxd2 ({Much less strong is} 7... Bxc3 8. Bxc3 Nxc3 9. Qd2 $17) 8. Qxd2 {Black is clearly better.} Bxc3 ({Black should play} 8... Qxc5 $17 9. O-O-O O-O) 9. Qxc3 Qxc3+ 10. bxc3 O-O 11. O-O-O (11. Bd3 $11) 11... Na6 ({Black should try} 11... b6 $1 $15) 12. Bxa6 $1 $14 bxa6 13. Ne5 Rd8 14. c6 (14. Rhe1 $14) 14... d6 $11 15. c7 (15. Nc4 $11 {remains equal.}) 15... Re8 $17 16. Nc6 Bd7 ({Better is} 16... Bb7 $19 17. Nd8 Bxg2) 17. Nb4 (17. Nb8 $1 $15 Rc8 18. Nxd7 Rxc7 {[%mdl 64] Double Attack} 19. Nf6+ exf6 20. Rxd6) 17... a5 (17... Rac8 $17 18. Rhe1 (18. Nd5 Be6 $17) 18... Kf8 19. Nxa6 (19. Nd5 Be6 $17) 19... Bb5) 18. Nd5 $15 Be6 19. Rhe1 Rac8 20. f4 (20. Re4 $11) 20... Bxd5 21. Rxd5 Rxc7 (21... Kf8 {looks sharper.} 22. Rxa5 Rxc7 23. Ra3 f5 24. Rd1 Rec8) 22. Rxa5 {[%mdl 4096] Endgame KRR-KRR} Kf8 23. Re3 Rec8 24. Kd2 f5 25. g3 Kf7 26. Ra6 h5 27. h4 Rb8 (27... Rd7 {seems wilder.} 28. Ra4 Rc6 29. c4 e5 30. Rea3 Re7) 28. Rd3 Rb6 29. Rxb6 axb6 {KR-KR} 30. Rd4 Ra7 31. Rb4 Rxa2 32. Rxb6 Ra1 {[#] ...Rg1 is the strong threat.} 33. Ke3 Re1+ 34. Kf2 Rc1 35. Rc6 (35. Rb2 $15) 35... Rxc2+ $17 36. Kf3 d5 (36... Ra2 $17 37. Ke3 Rc2) 37. Rc7 {[#]} d4 $1 {[%mdl 512]} 38. c4 (38. cxd4 Rxc7) 38... d3 39. Ke3 Rg2 40. Kxd3 $2 ({White has to play} 40. Kf3 $1 $15 Rc2 41. Rc8) 40... Rxg3+ $19 41. Kd4 Rg4 42. c5 $2 (42. Ke3) 42... Rxf4+ 43. Ke5 Re4+ 44. Kd5 Rxh4 45. c6 Rh1 46. Rc8 Rd1+ 47. Ke5 Re1+ 48. Kf4 Kf6 $2 (48... Re4+ $19 49. Kf3 Rc4) 49. Rf8+ $11 Kg7 50. Rc8 $2 {[%mdl 8192]} (50. c7 $11 Re4+ 51. Kf3 Kxf8 52. c8=Q+ Kf7 53. Qh8) 50... e5+ $19 {Black is clearly winning.} 51. Kg5 Rg1+ 52. Kh4 Rg4+ 53. Kh3 Rc4 54. c7 f4 55. Kh4 {[%mdl 32768] Accuracy: White = 46%, Black = 62%. . Sensor Board Error (Ke4/e5)?} 1-0

[Event "163 Stay Safe Play From Home"]
[Site "T#646248Emanuel Laske"]
[Date "2020.05.22"]
[Round "4"]
[White "Victory_gm"]
[Black "Fischer_11"]
[Result "0-1"]
[WhiteElo "2034"]
[BlackElo "2029"]
[Annotator "NA RC"]
[PlyCount "46"]
[EventDate "2020.05.22"]
[EventType "swiss (blitz)"]

1. e4 {[%emt 0:00:03]} Nf6 {[%emt 0:00:01]} 2. e5 {[%emt 0:00:03]} Nd5 {[%emt 0:00:01]} 3. d4 {[%emt 0:00:00]} d6 {[%emt 0:00:01]} 4. Nf3 {[%emt 0:00:00]} dxe5 {[%emt 0:00:01]} 5. Nxe5 {[%emt 0:00:01]} Nd7 {[%emt 0:00:01]} 6. f4 {[%emt 0:00:03]} Nxe5 {[%emt 0:00:02]} 7. fxe5 {[%emt 0:00:00]} Bf5 {[%emt 0:00:00]} 8. Bd3 {[%emt 0:00:01]} Bg6 {[%emt 0:00:02]} 9. O-O {[%emt 0:00:01]} e6 {[%emt 0:00:00]} 10. Bxg6 {[%emt 0:00:01]} hxg6 {[%emt 0:00:01]} 11. h3 {[%emt 0:00:01]} Qh4 {[%emt 0:00:01]} 12. c3 {[%emt 0:00:02]} Be7 {[%emt 0:00:01]} 13. Qf3 {[%emt 0:00:01]} f5 {[%emt 0:00:05]} 14. exf6 {[%emt 0:00:03]} Bxf6 {[%emt 0:00:01]} 15. Nd2 {[%emt 0:00:00]} O-O-O {[%emt 0:00:01]} 16. Ne4 {[%emt 0:00:01]} Rdf8 {[%emt 0:00:03]} 17. Nc5 {[%emt 0:00:05]} Bxd4+ {[%emt 0:00:05]} 18. cxd4 {[%emt 0:00:04]} Rxf3 {[%emt 0:00:01]} 19. Rxf3 {[%emt 0:00:00]} Qxd4+ {[%emt 0:00:01]} 20. Be3 {[%emt 0:00:02]} Nxe3 {[%emt 0:00:01]} 21. Nxe6 {[%emt 0:00:00]} Qb6 {[%emt 0:00:03]} 22. Nxg7 {[%emt 0:00:08]} Nc2+ {[%emt 0:00:02]} 23. Kh2 {[%emt 0:00:01]} Nxa1 {[%emt 0:00:03] Victory_gm resigns (Lag: Av=0.34s, max=0.4s)} 0-1

[Event "163 Stay Safe Play From Home"]
[Site "T#646248Emanuel Laske"]
[Date "2020.05.22"]
[Round "4"]
[White "SecantFX"]
[Black "Don59as"]
[Result "1-0"]
[WhiteElo "1905"]
[BlackElo "1986"]
[Annotator "NA RC"]
[PlyCount "95"]
[EventDate "2020.05.22"]
[EventType "swiss (blitz)"]

1. g3 {[%emt 0:00:01]} g6 {[%emt 0:00:11]} 2. Bg2 {[%emt 0:00:01]} Bg7 {[%emt 0:00:01]} 3. f4 {[%emt 0:00:00]} e6 {[%emt 0:00:01]} 4. c3 {[%emt 0:00:00]} Ne7 {[%emt 0:00:01]} 5. d4 {[%emt 0:00:00]} O-O {[%emt 0:00:00]} 6. Nd2 {[%emt 0:00:00]} d5 {[%emt 0:00:01]} 7. e4 {[%emt 0:00:01]} b6 {[%emt 0:00:00]} 8. e5 {[%emt 0:00:00]} Bb7 {[%emt 0:00:01]} 9. Ngf3 {[%emt 0:00:00]} c5 {[%emt 0:00:00]} 10. O-O {[%emt 0:00:00]} Nbc6 {[%emt 0:00:00]} 11. Nb3 {[%emt 0:00:01]} Nf5 {[%emt 0:00:01]} 12. dxc5 {[%emt 0:00:01]} bxc5 {[%emt 0:00:00]} 13. Nxc5 {[%emt 0:00:01]} Qb6 {[%emt 0:00:01]} 14. b4 {[%emt 0:00:04]} a5 {[%emt 0:00:01]} 15. g4 {[%emt 0:00:02]} Nfe7 {[%emt 0:00:03]} 16. Be3 {[%emt 0:00:02]} Qc7 {[%emt 0:00:03]} 17. b5 {[%emt 0:00:02]} Na7 {[%emt 0:00:04]} 18. a4 {[%emt 0:00:01]} Nac8 {[%emt 0:00:01]} 19. Nxb7 {[%emt 0:00:01]} Qxb7 {[%emt 0:00:01]} 20. Rc1 {[%emt 0:00:00]} Nb6 {[%emt 0:00:01]} 21. Nd4 {[%emt 0:00:02]} Nc4 {[%emt 0:00:00]} 22. Nb3 {[%emt 0:00:01]} Rfd8 {[%emt 0:00:03]} 23. Qe2 {[%emt 0:00:01]} f6 {[%emt 0:00:02]} 24. Bd4 {[%emt 0:00:02]} fxe5 {[%emt 0:00:01]} 25. fxe5 {[%emt 0:00:00]} Qc7 {[%emt 0:00:02]} 26. Nc5 {[%emt 0:00:01]} Qc8 {[%emt 0:00:04]} 27. Nd3 {[%emt 0:00:02]} Qc7 {[%emt 0:00:02]} 28. Qf3 {[%emt 0:00:02]} Rf8 {[%emt 0:00:01]} 29. Qe2 {[%emt 0:00:02]} Rxf1+ {[%emt 0:00:00]} 30. Rxf1 {[%emt 0:00:01]} Rf8 {[%emt 0:00:02]} 31. Rxf8+ {[%emt 0:00:01]} Kxf8 {[%emt 0:00:00]} 32. Nc5 {[%emt 0:00:00]} Qc8 {[%emt 0:00:01]} 33. Qf3+ {[%emt 0:00:02]} Kg8 {[%emt 0:00:01]} 34. h4 {[%emt 0:00:01]} Nxe5 {[%emt 0:00:01]} 35. Bxe5 {[%emt 0:00:02]} Bxe5 {[%emt 0:00:00]} 36. Nd3 {[%emt 0:00:01]} Bxc3 {[%emt 0:00:01]} 37. Qe2 {[%emt 0:00:02]} Bg7 {[%emt 0:00:03]} 38. g5 {[%emt 0:00:02]} d4 {[%emt 0:00:02]} 39. Bh3 {[%emt 0:00:01]} Nf5 {[%emt 0:00:01]} 40. Bxf5 {[%emt 0:00:01]} exf5 {[%emt 0:00:00]} 41. Kf2 {[%emt 0:00:01]} Qd7 {[%emt 0:00:01]} 42. Kf3 {[%emt 0:00:01]} h6 {[%emt 0:00:00]} 43. Nf4 {[%emt 0:00:01]} hxg5 {[%emt 0:00:01]} 44. hxg5 {[%emt 0:00:00]} Qb7+ {[%emt 0:00:01]} 45. Kg3 {[%emt 0:00:01]} Qe4 {[%emt 0:00:00]} 46. Qxe4 {[%emt 0:00:01]} fxe4 {[%emt 0:00:00]} 47. Nd5 {[%emt 0:00:00]} d3 {[%emt 0:00:00]} 48. Ne3 {[%emt 0:00:01] Time (Lag: Av=0.61s, max=1.2s)} 1-0

[Event "163 Stay Safe Play From Home"]
[Site "T#646248Emanuel Laske"]
[Date "2020.05.22"]
[Round "4"]
[White "Emresenar"]
[Black "Mepe_Nika"]
[Result "0-1"]
[WhiteElo "1748"]
[BlackElo "2310"]
[Annotator "TA"]
[PlyCount "82"]
[EventDate "2020.05.22"]
[EventType "swiss (blitz)"]

{[%evp 19,82,15,13,17,16,14,12,6,20,0,-2,0,0,-7,16,6,6,4,6,-11,-13,-40,0,-42,-39,-43,-43,-72,-49,-59,-56,-62,-54,-264,-266,-300,-298,-300,-294,-283,-269,-470,-470,-438,-438,-438,-420,-421,-423,-872,-557,-1147,-880,-1550,-1547,-1415,-993,-965,-900,-4353,-3066,-5477,-2244,-29981,-29979]} 1. e4 e5 2. Nf3 Nc6 3. Bb5 a6 4. Ba4 Nf6 5. O-O Be7 6. c3 Nxe4 7. Re1 Nc5 8. Bxc6 dxc6 9. Nxe5 O-O 10. d4 Nd7 11. Bf4 {C80: Open Ruy Lopez: Sidelines and 9 Nbd2.} Nxe5 12. Bxe5 Be6 13. Nd2 {The position is equal.} Bd6 {[#]} 14. Nf3 $146 ({Predecessor:} 14. Qh5 Bxe5 15. Rxe5 h6 16. Ne4 Bd5 17. Nc5 b6 18. Nd3 Re8 19. Rxe8+ Qxe8 20. Re1 {1-0 (27) Pham T Hong,N-La Nguyen Thao,N Hue 1999}) 14... Re8 15. Bxd6 cxd6 16. Qd3 Bg4 17. h3 Bxf3 18. Qxf3 Qd7 19. Re3 (19. Kf1 {looks sharper.} b5 20. g4 h6 21. b3 d5 22. Kg2) 19... Rxe3 20. fxe3 $11 {[%mdl 4096] Endgame KQR-KQR} (20. Qxe3 {seems wilder.} Re8 21. Qd3 Qe6 22. Kf1 f5 23. b3) 20... d5 21. Rf1 Re8 22. g4 h6 23. Re1 Re4 24. Kf2 Qe7 25. Ke2 c5 26. Kd2 $2 {White does not recover from this.} (26. Rd1 $15) 26... cxd4 $19 {[%mdl 64] [#] Overworked Piece} 27. cxd4 Qb4+ {[%mdl 64] Double Attack} 28. Ke2 Qxb2+ 29. Kf1 Qxa2 30. Re2 $2 (30. Rc1 Re8 31. Rc7) 30... Qc4 31. Kg2 Re6 {[#] Threatens to win with ...Rf6.} 32. Rf2 Rf6 33. Qg3 {If White can now play Qb8+ this consolidates a bit.} Rxf2+ 34. Qxf2 {KQ-KQ} (34. Kxf2 $142 b5 35. g5) 34... Qd3 35. Kf3 b5 36. Qb2 a5 {[%cal Ba6a5,Ba5a4][%mdl 32]} 37. Qa2 Qe4+ 38. Kf2 a4 39. Qb2 Qd3 40. Qa2 Qc4 (40... Qb3 $142 41. Qd2 a3) 41. Qb2 b4 {Accuracy: White = 44%, Black = 76%.} 0-1

[Event "163 Stay Safe Play From Home"]
[Site "T#646248Emanuel Laske"]
[Date "2020.05.22"]
[Round "4"]
[White "Frido-BBB"]
[Black "Haxhi Baha"]
[Result "0-1"]
[WhiteElo "1679"]
[BlackElo "1905"]
[Annotator "RC"]
[PlyCount "80"]
[EventDate "2020.05.22"]
[EventType "swiss (blitz)"]

1. e4 {[%emt 0:00:01]} e6 {[%emt 0:00:01]} 2. d4 {[%emt 0:00:01]} d5 {[%emt 0:00:00]} 3. Nc3 {[%emt 0:00:01]} Nf6 {[%emt 0:00:01]} 4. e5 {[%emt 0:00:02]} Nfd7 {[%emt 0:00:01]} 5. Be3 {[%emt 0:00:01]} a6 {[%emt 0:00:00]} 6. Bd3 {[%emt 0:00:01]} c5 {[%emt 0:00:00]} 7. Nf3 {[%emt 0:00:02]} c4 {[%emt 0:00:01]} 8. Be2 {[%emt 0:00:01]} Nc6 {[%emt 0:00:00]} 9. O-O {[%emt 0:00:01]} Be7 {[%emt 0:00:01]} 10. b3 {[%emt 0:00:01]} b5 {[%emt 0:00:01]} 11. bxc4 {[%emt 0:00:01]} dxc4 {[%emt 0:00:00]} 12. Qd2 {[%emt 0:00:04]} Nb4 {[%emt 0:00:01]} 13. Rab1 {[%emt 0:00:03]} Bb7 {[%emt 0:00:01]} 14. a3 {[%emt 0:00:02]} Nd5 {[%emt 0:00:01]} 15. Nxd5 {[%emt 0:00:02]} Bxd5 {[%emt 0:00:00]} 16. c3 {[%emt 0:00:01]} O-O {[%emt 0:00:01]} 17. Ng5 {[%emt 0:00:01]} h6 {[%emt 0:00:01]} 18. Nf3 {[%emt 0:00:02]} Bxa3 {[%emt 0:00:01]} 19. h3 {[%emt 0:00:03]} Be7 {[%emt 0:00:01]} 20. Nh2 {[%emt 0:00:01]} Nb6 {[%emt 0:00:02]} 21. f4 {[%emt 0:00:01]} Qd7 {[%emt 0:00:01]} 22. g4 {[%emt 0:00:01]} b4 {[%emt 0:00:01]} 23. f5 {[%emt 0:00:03]} bxc3 {[%emt 0:00:01]} 24. Qxc3 {[%emt 0:00:01]} exf5 {[%emt 0:00:01]} 25. gxf5 {[%emt 0:00:01]} Bh4 {[%emt 0:00:03]} 26. Nf3 {[%emt 0:00:03]} Bd8 {[%emt 0:00:02]} 27. Rf2 {[%emt 0:00:06]} Be4 {[%emt 0:00:01]} 28. Rbf1 {[%emt 0:00:03]} Bxf5 {[%emt 0:00:02]} 29. Nh2 {[%emt 0:00:03]} Bxh3 {[%emt 0:00:02]} 30. Bg4 {[%emt 0:00:02]} Bxg4 {[%emt 0:00:01]} 31. Nxg4 {[%emt 0:00:00]} Qxg4+ {[%emt 0:00:01]} 32. Rg2 {[%emt 0:00:00]} Qh5 {[%emt 0:00:03]} 33. Bxh6 {[%emt 0:00:00]} Qxh6 {[%emt 0:00:01]} 34. Rh2 {[%emt 0:00:01]} Qg6+ {[%emt 0:00:01]} 35. Rg2 {[%emt 0:00:00]} Bg5 {[%emt 0:00:01]} 36. Rf3 {[%emt 0:00:02]} Nd5 {[%emt 0:00:01]} 37. Qe1 {[%emt 0:00:03]} Nf4 {[%emt 0:00:03]} 38. Qg3 {[%emt 0:00:01]} Nxg2 {[%emt 0:00:01]} 39. Qxg2 {[%emt 0:00:00]} Qb1+ {[%emt 0:00:01]} 40. Kh2 {[%emt 0:00:01]} Qg6 {[%emt 0:00:02] Zeit (Lag: Av=0.98s, max=1.4s)} 0-1